|
|
|
|
| LEADER |
02113nam a22004095i 4500 |
| 001 |
978-3-319-40628-2 |
| 003 |
DE-He213 |
| 005 |
20170202114256.0 |
| 007 |
cr nn 008mamaa |
| 008 |
170202s2017 gw | s |||| 0|eng d |
| 020 |
|
|
|a 9783319406282
|9 978-3-319-40628-2
|
| 024 |
7 |
|
|a 10.1007/978-3-319-40628-2
|2 doi
|
| 040 |
|
|
|d GrThAP
|
| 050 |
|
4 |
|a RC346-429.2
|
| 072 |
|
7 |
|a MJN
|2 bicssc
|
| 072 |
|
7 |
|a MED056000
|2 bisacsh
|
| 082 |
0 |
4 |
|a 616.8
|2 23
|
| 245 |
1 |
0 |
|a Handbook of Relapsing-Remitting Multiple Sclerosis
|h [electronic resource] /
|c edited by Aaron Miller.
|
| 264 |
|
1 |
|a Cham :
|b Springer International Publishing :
|b Imprint: Adis,
|c 2017.
|
| 300 |
|
|
|a XII, 134 p. 7 illus. in color.
|b online resource.
|
| 336 |
|
|
|a text
|b txt
|2 rdacontent
|
| 337 |
|
|
|a computer
|b c
|2 rdamedia
|
| 338 |
|
|
|a online resource
|b cr
|2 rdacarrier
|
| 347 |
|
|
|a text file
|b PDF
|2 rda
|
| 505 |
0 |
|
|a Introduction -- Pathogenesis and clinical presentation -- Assessment and diagnosis of relapse-remitting multiple sclerosis -- Treatment strategies -- Emerging and future treatment strategies -- Long-term management and rehabilitation.
|
| 520 |
|
|
|a This pocketbook is an evidence-based educational resource that provides a concise overview of diagnosis, treatment and long-term management of relapsing-remitting multiple sclerosis. An ideal clinical handbook for a wide range of medical professionals, this handbook includes international guidelines, clinically relevant clinical trial data, and an introduction to emerging therapies. Handbook of Relapsing-Remitting Multiple Sclerosis is a comprehensive overview of recent advances in this indication, enhanced by high quality figures and clinical images.
|
| 650 |
|
0 |
|a Medicine.
|
| 650 |
|
0 |
|a Neurology.
|
| 650 |
1 |
4 |
|a Medicine & Public Health.
|
| 650 |
2 |
4 |
|a Neurology.
|
| 700 |
1 |
|
|a Miller, Aaron.
|e editor.
|
| 710 |
2 |
|
|a SpringerLink (Online service)
|
| 773 |
0 |
|
|t Springer eBooks
|
| 776 |
0 |
8 |
|i Printed edition:
|z 9783319406268
|
| 856 |
4 |
0 |
|u http://dx.doi.org/10.1007/978-3-319-40628-2
|z Full Text via HEAL-Link
|
| 912 |
|
|
|a ZDB-2-SME
|
| 950 |
|
|
|a Medicine (Springer-11650)
|